| 000 | nam a22 7a 4500 | ||
|---|---|---|---|
| 999 |
_c331370 _d331370 |
||
| 003 | NUST | ||
| 005 | 20170926113809.0 | ||
| 008 | 170926b xxu||||| |||| 00| 0 eng d | ||
| 040 | _cNUST | ||
| 082 | _a330 | ||
| 100 |
_aSuleman,Zeeshan, & Aftab,Maham _94772 |
||
| 245 | _aDebt sustainability analysis for Pakistan 1979-2010 | ||
| 260 |
_aIslamabad _c2012 |
||
| 300 | _a41p | ||
| 942 |
_2ddc _cTH |
||